| 000 | 00674nam a22001937a 4500 | ||
|---|---|---|---|
| 005 | 20170329110249.0 | ||
| 008 | 170329b mx ||||| |||| 00| 0 spa d | ||
| 050 | 0 | 4 |
_aPN2315.M58 _bT43 2002 |
| 245 | 0 | 0 |
_aTeatro del Norte _b: Antología _c / Demetrio Ávila ...[et al.]. |
| 250 | _a1a ed. | ||
| 260 |
_aTijuana, B. C. México : _bConsejo Nacional Para la Cultura y las Artes, _c2002 |
||
| 300 |
_av. ; _c21 cm. |
||
| 650 | 4 |
_xTeatro _zMéxico _zBaja California |
|
| 650 | 4 |
_aTeatro _xFrontera _zMéxico _zEstados Unidos |
|
| 700 | 1 |
_aCantú Toscano, Mario., _ecoaut. |
|
| 700 | 1 |
_aMeléndez, Agustín., _ecoaut. |
|
| 700 | 1 |
_aHeraclio, Luis., _ecoaut. |
|
| 942 |
_2lcc _cLIB |
||
| 999 |
_c131464 _d131464 |
||